Statistiques concernant Séries commençant par la lettre K

Cliquez ici pour prendre le quiz!

Statistiques générales

  • Ce quiz a été pris 76 fois
  • Le résultat moyen est 3 sur 5

Statistiques - réponses

Réponse% Correct
Kaamelott
89%
Kim Possible
89%
K2000
59%
Kyle XY
45%
Kangoo Juniors
42%

Distribution des résultats

Percentile par nombre de réponses

% des personnes avec chaque résultat

Votre développement - résultats

Vous n’avez pas pris ce quiz